Loading...
| Current Events | 4 | 10.00 | 75% | 25% | 0% |
| Fine Arts - Classical Music | 7 | 8.57 | 14% | 29% | 43% |
| Fine Arts - Other | 8 | 15.00 | 38% | 88% | 25% |
| Fine Arts - Painting & Sculpture | 4 | 17.50 | 50% | 75% | 50% |
| Geography | 5 | 12.00 | 20% | 60% | 40% |
| History - American | 10 | 15.00 | 40% | 70% | 40% |
| History - European | 8 | 16.25 | 38% | 75% | 50% |
| History - Other | 10 | 13.00 | 40% | 30% | 60% |
| History - World | 9 | 12.22 | 44% | 33% | 44% |
| Literature - American | 12 | 14.17 | 58% | 33% | 50% |
| Literature - British | 7 | 12.86 | 71% | 57% | 0% |
| Literature - European | 3 | 16.67 | 33% | 67% | 67% |
| Literature - World | 6 | 15.00 | 33% | 50% | 67% |
| Mythology | 5 | 18.00 | 40% | 40% | 100% |
| Other Academic | 6 | 15.00 | 33% | 83% | 33% |
| Philosophy | 7 | 14.29 | 71% | 43% | 29% |
| Religion | 7 | 11.43 | 57% | 14% | 43% |
| Science - Biology | 7 | 17.14 | 71% | 43% | 57% |
| Science - Chemistry | 7 | 15.71 | 29% | 71% | 57% |
| Science - Other | 8 | 13.75 | 50% | 50% | 38% |
| Science - Physics | 8 | 13.75 | 63% | 13% | 63% |
| Social Science | 6 | 13.33 | 33% | 67% | 33% |